FMI retail best practices food safety basics : Overview

保存先:
書誌詳細
フォーマット: 図書
言語:Undetermined
出版事項: New Jersey Pearson Education, Inc. 2003
主題:
タグ: タグ追加
タグなし, このレコードへの初めてのタグを付けませんか!
Thư viện lưu trữ: Trung tâm Học liệu Trường Đại học Cần Thơ
LEADER 00479nam a2200181Ia 4500
001 CTU_103311
008 210402s9999 xx 000 0 und d
020 |c 73.25 
082 |a 363.192 
082 |b F686 
245 0 |a FMI retail best practices food safety basics : 
245 0 |b Overview 
260 |a New Jersey 
260 |b Pearson Education, Inc. 
260 |c 2003 
650 |a Food safety 
904 |i M.Loan 
980 |a Trung tâm Học liệu Trường Đại học Cần Thơ